000 00435nam a22001817a 4500
003 Ost
005 20220827153317.0
008 220827b |||||||| |||| 00| 0 eng d
020 _aNA
040 _cOst
050 _a4203
082 _222
_a604.2
100 _aChandra, A. M. and Chandra, Satish.
245 _aEngineering graphics /
260 _bNarosa Publishing House /
_cc2003.
300 _a0
_bill. ;
942 _2ddc
_cCIVIL
_014
999 _c1752
_d1752